Normal view
MARC view
- Pang, Jian
Entry Personal Name
001 - CONTROL NUMBER
- control field: 98946
003 - CONTROL NUMBER IDENTIFIER
- control field: NUST
005 - DATE AND TIME OF LATEST TRANSACTION
- control field: 20220914142611.0
008 - FIXED-LENGTH DATA ELEMENTS
- fixed length control field: 220914|| aca||aabn | a|a d
040 ## - CATALOGING SOURCE
- Original cataloging agency: NUST
- Transcribing agency: NUST
100 ## - HEADING--PERSONAL NAME
- Personal name: Pang, Jian
670 ## - SOURCE DATA FOUND
- Source citation: Work cat.: (NUST): Pang, Jian, Noise and Vibration Control of Automotive Body, 2019.
